00927cam a2200277 i 450000100090000000300040000900500170001300800410003001000170007102000180008804000280010604200080013405000230014210000310016524501590019625000120035526400490036730000160041633600210043233700250045333800230047850400670050165000240056865000290059270000280062118696105OSt20230203130330.0150713s2016 enk b 000 0 eng  a 2015026419 a9781292078748 aDLCbengcDLCerdadDLC apcc00aHD30.28b.S73 20161 aStacey, Ralph D.,eauthor.10aStrategic management and organisational dynamics :bthe challenge of complexity to ways of thinking about organisations /cRalph D. Stacey & Chris Mowles. a7th ed. 1aHarlow, England :bPearson Education,c2016. axii, 560 p. atext2rdacontent aunmediated2rdamedia avolume2rdacarrier aIncludes bibliographical references (pages 519-544) and index. 0aStrategic planning. 0aOrganizational behavior.1 aMowles, Chris,eauthor.